[Event "Challenge"]
[Site "http://www.queenalice.com/game.php?id=747196"]
[Date "2010.3.17"]
[Round "-"]
[White "coyothe"]
[Black "pirate93"]
[Result "1-0"]
[WhiteElo "1525"]
[BlackElo "1093"]

1. Nf3 d5 2. e3 Bg4 3. h3 Be6 4. g4 Nc6 5. a3 Bd7 6. Qe2 Nf6 7. Nc3 e6 8. d4 Bd6
9. b4 e5 10. dxe5 Nxe5 11. Bb2 Ne4 12. Nxd5 Bc6 13. c4 O-O 14. Bxe5 Bxe5 15.
Nxe5 Re8 16. Nf3 Re5 17. Nxe5 Bxd5 18. cxd5 Qxd5 19. Nc4 Rd8 20. Rd1 Qe6 21.
Rxd8+ Qe8 22. Rxe8# 1-0

[Event "Challenge"]
[Site "http://www.queenalice.com/game.php?id=747197"]
[Date "2010.3.17"]
[Round "-"]
[White "pirate93"]
[Black "coyothe"]
[Result "1-0"]
[WhiteElo "992"]
[BlackElo "1458"]

1. d4 g6 2. c3 a6 3. Bg5 h6 4. Be3 e6 5. Na3 c6 6. Bf4 Qb6 7. Nc4 Qb5 8. Qd3 Qd5
9. e4 Qh5 10. Be2 Qb5 11. Qe3 d5 12. exd5 Qxd5 13. Na3 Bxa3 14. bxa3 Nd7 15. Nf3
Ndf6 16. O-O Ng4 17. h3 Nxe3 18. Bxe3 g5 19. Rfb1 b5 20. Ne5 f6 21. Ng6 Rh7 22.
Bh5 g4 23. Bxg4 Rg7 24. Nh8 f5 25. Bh5+ 1-0

[Event "Let's Play Chess!"]
[Site "http://www.queenalice.com/game.php?id=750022"]
[Date "2010.3.22"]
[Round "-"]
[White "specktro"]
[Black "coyothe"]
[Result "1-0"]
[WhiteElo "1732"]
[BlackElo "1498"]

1. e4 d6 2. d4 Nf6 3. Nc3 a6 4. Nf3 b5 5. a4 b4 6. Nd5 Nc6 7. Bc4 Na5 8. b3 Nxe4
9. Nxb4 Qd7 10. Qd3 Bb7 11. Bxa6 d5 12. O-O Bxa6 13. Nxa6 h6 14. Bf4 Rc8 15. Ne5
Qd6 16. Nxf7 Qxf4 17. Nxh8 g5 18. Ng6 Qf6 19. Ne5 c5 20. f3 cxd4 21. Qxd4 Nc3
22. Ra3 Ne2+ 23. Kf2 Nxd4 24. Re1 Qxa6 25. b4 Rxc2+ 26. Kg1 Nc4 27. Rd3 Ne2+ 28.
Kh1 Nxe5 29. Rxd5 Qe6 30. Red1 Rc1 31. Rd2 Qc4 32. a5 Rxd1+ 33. Rxd1 Qh4 34. a6
Ng3+ 35. Kg1 Ne2+ 36. Kf1 Qc4 37. a7 Nc3+ 38. Ke1 Qa6 39. Rc1 Nd3+ 40. Kd2 Na2
41. b5 Qxb5 42. a8=Q+ Kf7 43. Qxa2+ e6 44. Rc7+ Be7 45. Qc2 Ne5 46. Qh7+ Kf6 47.
Qxe7+ Kf5 48. Qf8+ Kg6 49. Qg7+ Kh5 50. g4+ Kh4 51. Qxh6# 1-0

[Event "AUTO-INT-1650"]
[Site "http://www.queenalice.com/game.php?id=750119"]
[Date "2010.3.22"]
[Round "1"]
[White "coyothe"]
[Black "geraldo"]
[Result "0-1"]
[WhiteElo "1471"]
[BlackElo "1555"]

1. Nc3 e5 2. Nf3 Nc6 3. d3 h6 4. a3 Bc5 5. b4 Bd4 6. Nxd4 exd4 7. Ne4 d5 8. Ng3
Nf6 9. Qd2 O-O 10. Bb2 Bg4 11. h3 Bh5 12. Nf5 Qd7 13. Nxd4 Nxd4 14. Bxd4 b6 15.
Bxf6 gxf6 16. g4 Bg6 17. Qxh6 Rae8 18. g5 Qf5 19. Rg1 Qf4 20. h4 fxg5 21. Rxg5
Qf6 22. Bg2 Re5 23. Rxe5 Qxe5 24. Rd1 Qc3+ 25. Rd2 Qh8 26. Bxd5 Qxh6 0-1

[Event "AUTO-INT-1650"]
[Site "http://www.queenalice.com/game.php?id=750120"]
[Date "2010.3.22"]
[Round "1"]
[White "geraldo"]
[Black "coyothe"]
[Result "1-0"]
[WhiteElo "1541"]
[BlackElo "1487"]

1. e4 d6 2. d4 Nf6 3. Nc3 a6 4. Bc4 b5 5. Bb3 b4 6. Ba4+ Bd7 7. Bxd7+ Qxd7 8.
Nd5 Nxe4 9. Nxb4 Qe6 10. Be3 d5 11. Nf3 Qg4 12. Nxd5 Ra7 13. h3 Qxg2 14. Rh2 Qg6
15. Qd3 Qf5 16. Ne5 f6 17. Qc4 fxe5 18. Nxc7+ Rxc7 19. Qxc7 Nd7 20. O-O-O g5 21.
b3 Bg7 22. dxe5 Bxe5 23. Qc8+ Kf7 24. Qc4+ Ke8 25. Rg2 Qf6 26. Bd4 Bxd4 27. Qc8+
1-0

[Event "AUTO-INT-1650"]
[Site "http://www.queenalice.com/game.php?id=750121"]
[Date "2010.3.22"]
[Round "1"]
[White "coyothe"]
[Black "vicoxd"]
[Result "1-0"]
[WhiteElo "1583"]
[BlackElo "1350"]

1. Nc3 d5 2. e3 Nf6 3. h3 Bf5 4. g4 Bg6 5. Bg2 e6 6. d3 Nc6 7. h4 h6 8. g5 hxg5
9. hxg5 Rxh1 10. Bxh1 Nh7 11. f4 Bd6 12. a3 Qe7 13. e4 dxe4 14. dxe4 O-O-O 15.
Nb5 Bb4+ 16. axb4 Rxd1+ 17. Kxd1 Qxb4 18. Nc3 Qd4+ 19. Ke2 Qxg1 20. Bf3 Nd4+ 21.
Kd3 Nxf3 22. Rb1 f6 23. Be3 Qh2 24. Rd1 fxg5 25. Ne2 Nf6 26. Nc3 gxf4 27. Bd2
Nxd2 28. Rxd2 Qg3+ 29. Kd4 Qe3+ 30. Ke5 Qxd2 31. Kxe6 Nxe4 32. Nxe4 Bxe4 33. Ke5
f3 34. c4 f2 35. Kxe4 f1=Q 36. Ke5 1-0

[Event "AUTO-INT-1650"]
[Site "http://www.queenalice.com/game.php?id=750122"]
[Date "2010.3.22"]
[Round "1"]
[White "vicoxd"]
[Black "coyothe"]
[Result "0-1"]
[WhiteElo "1350"]
[BlackElo "1500"]

1. d4 e6 2. Nf3 Nc6 3. Bf4 h6 4. h3 g5 5. Bh2 Qe7 6. e3 Qb4+ 7. Nbd2 Qxb2 8. Qb1
Qc3 9. Qb3 Qxb3 10. axb3 Nb4 11. Kd1 d6 12. Bb5+ c6 13. Be2 Bg7 14. Ra3 Nd5 15.
Bxd6 Nc3+ 16. Ke1 Nf6 17. Nc4 Ncd5 18. Bc5 Ne4 19. Bxa7 Nb4 20. Bd3 Nxd3+ 21.
cxd3 Nc3 22. Nb6 Rxa7 23. Rxa7 Kd8 24. Kd2 Nb5 25. Ra8 Kc7 26. Nxc8 Rxc8 27.
Rxc8+ Kxc8 28. Ne5 Bxe5 29. dxe5 c5 30. Rc1 b6 31. b4 Kc7 32. bxc5 h5 33. cxb6+
Kxb6 34. Rb1 Kc6 35. d4 Na3 36. Rb8 Kd5 37. Rg8 Nc4+ 0-1

[Event "AUTO-INT-1650"]
[Site "http://www.queenalice.com/game.php?id=750123"]
[Date "2010.3.22"]
[Round "1"]
[White "coyothe"]
[Black "mouderjr"]
[Result "0-1"]
[WhiteElo "1553"]
[BlackElo "1683"]

1. Nc3 Nf6 2. h3 g6 3. b4 e5 4. Bb2 Bxb4 5. Na4 Nc6 6. a3 Ba5 7. c3 d6 8. Bc1
Bd7 9. Nf3 Ke7 10. d3 Re8 11. Bg5 Kf8 12. Bd2 e4 13. dxe4 Nxe4 14. Bh6+ Kg8 15.
Qd5 Nxc3 16. Nxc3 Bxc3+ 17. Nd2 Bxa1 18. e3 Bc3 19. Qb3 Bxd2+ 20. Kxd2 Be6 21.
Qb2 f6 22. Qxb7 Bd5 23. Qb5 Ne7 24. Qb2 Kf7 25. Qd4 c5 26. Qf4 Rb8 27. Bc4 Qa5+
28. Ke2 Rb2+ 29. Kd3 Qxa3+ 30. Bb3 Qxb3# 0-1

[Event "AUTO-INT-1650"]
[Site "http://www.queenalice.com/game.php?id=750124"]
[Date "2010.3.22"]
[Round "1"]
[White "mouderjr"]
[Black "coyothe"]
[Result "1-0"]
[WhiteElo "1667"]
[BlackElo "1625"]

1. d4 e6 2. c4 b6 3. Nc3 Ba6 4. e4 Nc6 5. g3 Bb7 6. Bg2 Qf6 7. e5 Qd8 8. Nge2
Bb4 9. Bd2 Bxc3 10. Bxc3 f6 11. O-O fxe5 12. dxe5 Nge7 13. Nf4 Nf5 14. Bh3 Na5
15. b3 c5 16. Qc2 h5 17. Bxf5 exf5 18. Qxf5 Rf8 19. Qxh5+ Rf7 20. Ng6 Bf3 21.
Qh8+ Rf8 22. Qxf8# 1-0

[Event "AUTO-OPEN-1922"]
[Site "http://www.queenalice.com/game.php?id=750184"]
[Date "2010.3.22"]
[Round "1"]
[White "coyothe"]
[Black "GIOLE"]
[Result "0-1"]
[WhiteElo "1553"]
[BlackElo "2043"]

1. Nf3 d5 2. h3 Nc6 3. c3 Nf6 4. g4 e5 5. e3 Be6 6. Qb3 Na5 7. Qa4+ c6 8. Nxe5
Bd6 9. Nf3 Nc4 10. Qb3 b5 11. Nd4 Bd7 12. Qd1 c5 13. Nf5 Bxf5 14. gxf5 O-O 15.
b3 Nb6 16. Na3 a6 17. c4 bxc4 18. bxc4 Ne4 19. cxd5 Qf6 20. Rb1 Qxf5 21. Rxb6
Qxf2# 0-1

[Event "AUTO-OPEN-1922"]
[Site "http://www.queenalice.com/game.php?id=750185"]
[Date "2010.3.22"]
[Round "1"]
[White "GIOLE"]
[Black "coyothe"]
[Result "1-0"]
[WhiteElo "2093"]
[BlackElo "1525"]

1. d4 e6 2. c4 Qe7 3. Nc3 g6 4. e4 Nf6 5. Bg5 h6 6. Bxf6 Qxf6 7. a3 Nc6 8. Nf3
g5 9. h3 a6 10. d5 exd5 11. cxd5 Nd8 12. Be2 Bg7 13. O-O Qb6 14. Rb1 a5 15. Nd2
Qd6 16. Nc4 Qc5 17. Kh1 b5 18. b4 Qe7 19. Nxb5 Be5 20. d6 cxd6 21. Nc7+ Kf8 22.
Nxa8 Bb7 23. Nc7 Bxe4 24. Rc1 d5 25. Nxe5 Qxe5 26. bxa5 Ne6 27. Nxe6+ fxe6 28.
a6 d4 29. Qa4 Qd5 30. f3 Bg6 31. Rfd1 e5 32. a7 Kg7 33. Rc7 Bf5 34. Bc4 Qd6 35.
Qb4 Qxb4 36. axb4 Ra8 37. Bd3 Bxd3 38. Rxd3 Kf7 39. Rxd7+ Ke6 40. Rh7 Kd5 41.
Rb3 Kc4 42. Rb1 d3 43. b5 Kc3 44. b6 d2 45. Rc7+ Kd3 46. b7 Rxa7 47. b8=Q Rxc7
48. Qxc7 Ke2 49. Qxe5+ Kf2 50. Rb2 Kf1 51. Rxd2 h5 52. Qe2# 1-0

[Event "AUTO-OPEN-1922"]
[Site "http://www.queenalice.com/game.php?id=750188"]
[Date "2010.3.22"]
[Round "1"]
[White "coyothe"]
[Black "mouderjr"]
[Result "0-1"]
[WhiteElo "1515"]
[BlackElo "1783"]

1. Nf3 d5 2. e3 g6 3. Nc3 Nf6 4. h3 Bg7 5. Nd4 e5 6. Nf3 Nc6 7. Qe2 O-O 8. g4 h6
9. g5 hxg5 10. Nxg5 Re8 11. Bg2 d4 12. Na4 Bd7 13. Qc4 Be6 14. Nxe6 Rxe6 15. e4
a6 16. Qb3 b6 17. h4 Na5 18. Qh3 Rc6 19. c3 Nh5 20. d3 b5 21. cxd4 bxa4 22. d5
Rxc1+ 23. Rxc1 Nf4 24. Qg3 Bh6 25. h5 Nxd3+ 26. Qxd3 Bxc1 27. hxg6 Qg5 28. Rg1
fxg6 29. Kf1 Bxb2 30. Bh3 Qc1+ 31. Kg2 Qf4 32. Kh1 Kg7 33. d6 cxd6 34. Rg3 Qxf2
35. Rg2 Qe1+ 36. Rg1 Qh4 37. Kh2 Bd4 38. Rg3 Nc6 39. Qc2 Rf8 40. Rg2 Rf3 41. Qd1
Qxh3# 0-1

[Event "AUTO-OPEN-1922"]
[Site "http://www.queenalice.com/game.php?id=750189"]
[Date "2010.3.22"]
[Round "1"]
[White "mouderjr"]
[Black "coyothe"]
[Result "1-0"]
[WhiteElo "1807"]
[BlackElo "1553"]

1. d4 e6 2. c4 b6 3. e4 Nf6 4. Bd3 Nc6 5. Nf3 Qe7 6. Bg5 Qb4+ 7. Qd2 Qxd2+ 8.
Nbxd2 Nb4 9. Bb1 h6 10. Bxf6 gxf6 11. a3 Nc6 12. O-O Bg7 13. Nb3 Bb7 14. Bc2 Na5
15. Nxa5 bxa5 16. d5 exd5 17. exd5 f5 18. Rfe1+ Kd8 19. Rab1 d6 20. Bxf5 c6 21.
dxc6 Bxc6 22. Be4 Bxe4 23. Rxe4 Rc8 24. b3 f5 25. Re6 Kd7 26. Rbe1 Bb2 27. Re7+
Kc6 28. a4 h5 29. Rf7 h4 30. Rxf5 Rhg8 31. Nxh4 Rb8 32. Rf3 Kc5 33. Rb1 Bd4 34.
Nf5 Rgf8 35. Nxd4 Kxd4 36. Rd1+ Kc5 37. Rd5+ Kb4 38. Rd4 Rxf3 39. gxf3 Kxb3 40.
Rxd6 Kxc4 41. Kg2 Rb4 42. Rg6 Kb3 43. Rg4 Rxa4 44. Rxa4 Kxa4 45. h4 Kb4 46. h5
a4 47. h6 a3 48. h7 a2 49. h8=Q a5 50. Qb2+ Kc4 51. Qxa2+ Kd4 52. Qxa5 Kd3 53.
Qe5 Kc4 54. Kf1 Kb4 55. Qd5 Ka4 56. Ke2 Kb4 57. Kd3 Ka3 58. Qc5+ Ka4 59. Qb6 Ka3
60. Kc3 Ka2 61. Qb2# 1-0

[Event "AUTO-OPEN-1949"]
[Site "http://www.queenalice.com/game.php?id=762729"]
[Date "2010.4.18"]
[Round "1"]
[White "PRINCIFOR"]
[Black "coyothe"]
[Result "1-0"]
[WhiteElo "1463"]
[BlackElo "1525"]

1. d4 d5 2. c4 dxc4 3. Nc3 a6 4. a4 Nf6 5. e4 g6 6. Bxc4 c6 7. Nf3 Bg4 8. Bxf7+
Kxf7 9. O-O Bxf3 10. gxf3 e6 11. f4 Bb4 12. f3 Bd6 13. e5 Nh5 14. exd6 Qxd6 15.
Ne4 Qb4 16. Ra3 Nd7 17. Rb3 Qxa4 18. Rxb7 Ke8 19. Qxa4 Rd8 20. Qxc6 Nxf4 21.
Bxf4 Rf8 22. Qxe6# 1-0

[Event "AUTO-OPEN-1949"]
[Site "http://www.queenalice.com/game.php?id=762730"]
[Date "2010.4.18"]
[Round "1"]
[White "coyothe"]
[Black "PRINCIFOR"]
[Result "0-1"]
[WhiteElo "1499"]
[BlackElo "1659"]

1. d4 d5 2. Nc3 c6 3. h3 Nf6 4. g4 h6 5. Bg2 e6 6. Nf3 Bd6 7. a3 Bd7 8. g5 hxg5
9. Nxg5 Qc7 10. e3 e5 11. O-O e4 12. f3 Bh2+ 13. Kh1 Bd6 14. fxe4 dxe4 15. Ncxe4
Be7 16. Nxf6+ gxf6 17. Ne4 Bxh3 18. Qf3 Bg4+ 19. Kg1 Bxf3 20. Rxf3 Qh2+ 21. Kf1
Rg8 22. Rg3 Rxg3 23. Nxg3 Qxg3 0-1

[Event "AUTO-OPEN-1949"]
[Site "http://www.queenalice.com/game.php?id=762739"]
[Date "2010.4.18"]
[Round "1"]
[White "Mannu"]
[Black "coyothe"]
[Result "1-0"]
[WhiteElo "2072"]
[BlackElo "1458"]

1. e4 e5 2. Nf3 Nc6 3. Bc4 a6 4. d3 Qe7 5. Bg5 Qb4+ 6. Nbd2 Qxb2 7. Rb1 Qc3 8.
O-O b5 9. Bd5 h6 10. Bh4 g5 11. Bg3 Be7 12. Bxc6 Qxc6 13. Nxe5 Qe6 14. Nef3 d5
15. Bxc7 dxe4 16. Nxe4 Nf6 17. Nxf6+ Bxf6 18. Re1 O-O 19. Rxe6 fxe6 20. Be5 Bxe5
21. Nxe5 Bb7 22. Qh5 Rf6 23. Nd7 Rf7 24. Nc5 Bd5 25. Qxh6 Rh7 26. Qf6 1-0

[Event "AUTO-OPEN-1949"]
[Site "http://www.queenalice.com/game.php?id=762740"]
[Date "2010.4.18"]
[Round "1"]
[White "coyothe"]
[Black "Mannu"]
[Result "0-1"]
[WhiteElo "1499"]
[BlackElo "2031"]

1. e3 c5 2. Nf3 Nc6 3. h3 g6 4. c3 Bg7 5. Qb3 Nf6 6. Ng5 O-O 7. Na3 b6 8. Bc4
Ne5 9. d4 Nxc4 10. Qxc4 Bb7 11. dxc5 Bxg2 12. Rg1 Bd5 13. Qh4 h6 14. cxb6 hxg5
15. Qxg5 Qxb6 16. c4 Be6 17. b3 Qb4+ 18. Kd1 Ne4 19. Qf4 Nc3+ 20. Kc2 Bf5+ 21.
e4 Bxe4+ 22. Kb2 Nd1# 0-1